000 00273nam a2200121Ia 4500
008 190216s9999||||xx |||||||||||||| ||und||
100 _aJohn Buchanan
245 0 _aThirty Nine Steps
260 _bB I Publication
_c1990
300 _a212
650 _aEnglish
942 _cBK
999 _c13665
_d13665